000 004370000a22001570004500
090 _aAR
_b00212
245 1 0 _aWie gelangen die eir in den, Beutel des Beutelfrosches?
650 1 4 _aFauna
_992594
650 1 4 _aAnfibios
_992768
650 1 4 _aBiología
_992
653 _gGastrotheca
_eGastrotheca oviferum
041 0 _aAlemán
100 1 _aMertens, Robert
_993053
942 _cARTICULO
773 1 _tNatur und Volk
_395
_h5
_q157-161
_d1956
_g86
999 _c9312
_d9312